000 00613nam a22001937a 4500
003 OSt
005 20250708025410.0
008 250708b |||||||| |||| 00| 0 eng d
020 _a978-1-932293-71-5
040 _aDWC-Main Lib
_cOC
082 _aCirc. 294.392 H873e 2012
100 _aHsing, Yun
245 _aEndless knot:
_bvenerable master Hsing Yun on living, dying, and learning/
_cYun Hsing
250 _aFirst edition
260 _aU.S.A:
_bBuddha's Light Publishing,
_cc2012.
300 _a127 pages;
_c21cm.
650 _a1. Religious life-Buddhism.
942 _2ddc
_cBK-CIRC
_eFirst edition
_kCirc.
_n0
999 _c3445
_d3445